[Event "Prague Summer op-B 10th"]
[Site "Prague"]
[Date "2023.08.07"]
[Round "5"]
[White "Samartzis, Mihail"]
[Black "Enkhjin, Otgonbayar"]
[Result "1-0"]
[WhiteElo "1786"]
[BlackElo "1508"]
[PlyCount "135"]
[EventDate "2023.08.04"]
[EventType "swiss"]
[EventRounds "9"]
[EventCountry "CZE"]
[SourceTitle "EXT 2024"]
[Source "ChessBase"]
[SourceDate "2023.10.10"]
[SourceVersion "1"]
[SourceVersionDate "2023.10.10"]
[SourceQuality "1"]

1. d4 Nf6 2. c4 g6 3. Nc3 Bg7 4. e4 d6 5. Nf3 c6 6. h3 a6 7. Bg5 b5 8. a3 bxc4 9. Bxc4 h6 10. Bf4 e6 11. 0-0 d5 12. exd5 cxd5 13. Bd3 0-0 14. Qd2 Kh7 15. Rfe1 Nc6 16. b4 Nh5 17. Bh2 Kg8 18. g4 Nf6 19. Rac1 Bb7 20. Bf4 g5 21. Bg3 Qe7 22. Bb1 Rfd8 23. Qd3 Ne4 24. Nxe4 dxe4 25. Qxe4 Nxd4 26. Qh7+ Kf8 27. Nxd4 Rxd4 28. Bc7 Rc8 29. Bb6 Rxc1 30. Rxc1 Qf6 31. Bxd4 Qxd4 32. Qd3 Qb6 33. Rd1 Bd5 34. Bc2 Be5 35. Bb3 Qd6 36. Bxd5 exd5 37. Qxd5 Bh2+ 38. Kg2 Qf4 39. Qd8+ Kg7 40. Qd4+ Qxd4 41. Rxd4 Be5 42. Rd5 Bc7 43. a4 Kf6 44. Rc5 Bd6 45. Rc6 Ke5 46. Rxa6 Bxb4 47. Rxh6 f6 48. Rh7 Ke6 49. Rb7 Bc5 50. Rb5 Kd6 51. Kf3 Bd4 52. Ke2 Kc6 53. f3 Bg1 54. Kd3 Bf2 55. Ke4 Be1 56. Kf5 Bc3 57. Rb3 Bd4 58. a5 Kc7 59. a6 Kc8 60. Rb7 Be5 61. Rb6 Kc7 62. Rxf6 Bxf6 63. Kxf6 Kb6 64. Kxg5 Kxa6 65. Kf6 Kb7 66. g5 Kc8 67. g6 Kd7 68. g7 1-0

[Event "Ambelokipi op 151st"]
[Site "Athens"]
[Date "2015.02.11"]
[Round "5"]
[White "Samartzis, Mihail"]
[Black "Hahabis, Nikolaos"]
[Result "1/2-1/2"]
[WhiteElo "1850"]
[BlackElo "1929"]
[PlyCount "40"]
[EventDate "2015.01.14"]
[EventType "swiss"]
[EventRounds "7"]
[EventCountry "GRE"]
[SourceTitle "EXT 2016"]
[Source "ChessBase"]
[SourceDate "2015.10.08"]
[SourceVersion "1"]
[SourceVersionDate "2015.10.08"]
[SourceQuality "1"]

1. d4 d5 2. c4 e6 3. Nc3 c5 4. cxd5 exd5 5. Nf3 Nc6 6. g3 Nf6 7. Bg2 Be7 8. 0-0 0-0 9. a3 c4 10. Ne5 Be6 11. Nxc6 bxc6 12. e4 dxe4 13. Nxe4 Nxe4 14. Bxe4 Bd5 15. Qc2 Bxe4 16. Qxe4 Bf6 17. Be3 Qd5 18. Qc2 Bxd4 19. Bxd4 Qxd4 20. Rfd1 Qf6 1/2-1/2